[Event "Cappelle op 19th"]
[Site "Cappelle la Grande"]
[Date "2003.03.01"]
[Round "9"]
[White "Ionov, Sergey"]
[Black "Atalik, Suat"]
[Result "1/2-1/2"]
[WhiteElo "2531"]
[BlackElo "2581"]
[Annotator "Atalik,S"]
[PlyCount "83"]
[EventDate "2003.02.22"]
[EventType "swiss"]
[EventRounds "9"]
[EventCountry "FRA"]
[SourceTitle "EXT 2004"]
[Source "ChessBase"]
[SourceDate "2003.11.25"]
[SourceVersion "1"]
[SourceVersionDate "2003.11.25"]
[SourceQuality "1"]

1. d4 d5 {I did not get really prepared for this game,so I had to apply Alex's
maxim:to play what you know the best in such situations.} 2. c4 c6 3. Nc3 Nf6
4. Nf3 dxc4 5. a4 Bf5 6. e3 e6 7. Bxc4 Bb4 8. O-O Nbd7 {I started to have an
inclination for the text} ({rather than} 8... O-O 9. Nh4 Nbd7) 9. Nh4 {One of
the principle lines.} Bg6 {Without castles for black,usually white refrains
from the exchange on g6 though I believe that it is the best.} 10. h3 $6 {
This weird move is sometimes chosen,surprising is Sergey does this too in this
game .} (10. Nxg6 hxg6 11. h3 $13) 10... Bh5 $1 {Black misplaces Nh4.} 11. Qb3
$6 (11. g4 {is more to the point.} Nd5 (11... Nxg4 $2 {delivers no perpetual
as I have calculated during the game.} 12. hxg4 Qxh4 13. gxh5 Bd6 14. Re1 $1
Qh3 15. f4 $18) 12. Ng2 Bg6 13. f4 {Marin's move.} Bxc3 14. bxc3 Be4 15. Bd3 (
15. Qb3 c5 16. Bb5 a6 17. Bxd7+ Qxd7 18. c4 Nb4 19. Bb2 h5 20. dxc5 Nd3 21. g5
e5 22. Kh2 Qc6 23. Ne1 O-O-O) 15... Nxc3 16. Qc2 Bxd3 17. Qxd3 Nd5 $13 18. Ba3
a5 {does not seem to be dangerous for black.} 19. f5 exf5 (19... e5 20. Rab1
Qc7 21. Qb3 b6 22. g5 exd4 23. exd4 O-O-O 24. Bc1 Rhe8 25. Bf4 Nxf4 26. Rxf4 f6
$36) 20. gxf5 (20. Qxf5 Qf6) 20... Nb4 $13) 11... a5 12. f4 (12. Na2 {is not
as consequent as in the previous moves.} Nd5 13. Bxd5 exd5 $5 (13... cxd5 14.
Nxb4 Qxh4 15. Na2 (15. Nd3 Be2) 15... Be2 16. Re1 Bc4 17. Qxb7 Qd8 18. Nc3 Rb8
$11) 14. Nxb4 (14. Nf5 Bg6 15. Ng3 Qb6 (15... Bd6 16. Qxb7 Bxg3 17. fxg3 Bd3
18. Rf2 Bc4 19. Bd2 Ra6) 16. Nxb4 Qxb4 17. Qxb4 axb4 18. Re1 O-O 19. a5 b3 $13)
14... Qxh4 $11) 12... Nd5 {An ambitious move.} (12... O-O 13. g4 $1 Nxg4 (13...
Bg6 14. g5 Nd5 15. Nxg6 hxg6 16. e4 N5b6 17. Be2 (17. Be3 Nxc4 18. Qxc4 $14)
17... c5 18. Na2 $14) 14. hxg4 Qxh4 15. gxh5 Qg3+ 16. Kh1 Qh3+ 17. Kg1 $11) 13.
Nf3 N5b6 14. Be2 O-O $15 {Black has the avantage but still it is difficult to
convert it.} 15. e4 Bg6 16. Qc2 f6 {This looked like the most natural.} (16...
f5 $5 17. e5 Bh5 $1 (17... Nd5 18. Nxd5 exd5 19. Bd2 $132) 18. Be3 (18. Ng5
Bxe2 19. Nxe6 Qe7 20. Nxf8 Bxf1 21. Nxd7 Qxd7 22. Kxf1 Qxd4 $15) 18... Qe8 $15
(18... Nd5 $6 19. Nxd5 exd5 20. Bd3) (18... Qe7 $5)) (16... h6 17. f5 exf5 18.
exf5 Bh7 {may well work for black since badly placed Bh7 is compensated by d5
square and better pawn structure.}) 17. Be3 Qe7 (17... Nd5 {looked like an
empty move.} 18. Bd2 (18. Nxd5 cxd5 19. f5 exf5 20. exf5 Bf7 21. Bb5 $132)) 18.
Nh4 Bf7 19. Nf3 c5 $6 {Attacking the center from wrong direction.Black may
still be better but his advantage is not serious anymore.} (19... e5 $1 20.
dxe5 (20. Nh4 g6) (20. Rad1 Nc4) 20... Bc5 $1 21. Nd1 (21. Bxc5 Qxc5+ 22. Kh2
fxe5 23. f5 Qb4) 21... fxe5 22. Bxc5 (22. Nxe5 Bxe3+ 23. Nxe3 Nxe5 24. Nf5 Qc7
25. fxe5 Qxe5 $15) 22... Qxc5+ 23. Qxc5 Nxc5 24. Nxe5 Nxe4 25. Nc3 Nc5 26. Nxf7
Kxf7 $15) 20. Bb5 $1 {White has to get some squares.} cxd4 {Sooner or later
this will occur.} (20... Rac8 21. Rad1 cxd4 (21... Rfd8 22. Qf2 cxd4 23. Bxd4
Bc5 (23... Nc5 24. e5) 24. e5 Bxd4 25. Rxd4 fxe5 26. Nxe5 Nxe5 27. fxe5 Bg6 (
27... Rxd4 28. Qxd4 Qc5 29. Rd1 Nd5 30. Nxd5 Qxd4+ 31. Rxd4 exd5 32. Bd7 Rc1+
33. Kf2 $16) 28. Rxd8+ Qxd8 29. Rd1 Nd5 30. Nxd5 exd5 31. Qd4 (31. e6 Qe7 32.
Bd7 Rc2 33. Rd2 Rc1+ 34. Kh2 Qd6+ 35. g3 Qe7 $1 $40) 31... Be4 32. Bc4 Bxg2 33.
Bxd5+ Bxd5 34. Qxd5+ Qxd5 35. Rxd5 $11) 22. Bxd4 {with similar lines to the
text.}) 21. Bxd4 e5 $4 {Unexplainable!} (21... Rac8 22. Rad1 Rfd8 23. Qf2 Nc4
24. e5 (24. Rc1 $6 Nd6 25. e5 fxe5 26. Nxe5 Nxe5 27. fxe5 Nxb5 28. Nxb5 Be8 29.
Rxc8 Rxc8 $17) 24... fxe5 25. Bxd7 Rxd7 26. Nxe5 Nxe5 27. Bxe5 Bc5 28. Bd4 Rxd4
29. Rxd4 Be8 $1 $15) 22. fxe5 fxe5 23. Nxe5 {Of course!} Nxe5 (23... Bc5 24.
Nf3 $8 {This I have overlooked.} Bxd4+ (24... Ne5 25. Rad1 Rad8 26. Ne2) 25.
Nxd4 Qc5 {after all this white can keep the pawn.} 26. Rad1 (26. Nce2)) 24.
Bxb6 Rac8 25. Kh1 {Too solid.} (25. Rad1 $142 Qe6 (25... Nc4 26. Rd7 Qe6 27.
Bd4 Nd6 28. Qd3 Nxb5 29. Qxb5 Rc4 30. Ne2 b6 (30... Be7 $2 31. Qxb7 Rb4 32. Qd5
$18) 31. Qd5 Qxd5 32. exd5 Rxd4 33. Nxd4 Bc5 34. Rd1 Be8 35. Rd8 Bxa4 36. Rxf8+
Kxf8 37. Rd2 Ke7 $44 {gives compensation.}) 26. Bd4 (26. Be3 Bh5 (26... Nc4 27.
Bd4 $14) 27. Rxf8+ Rxf8 28. Rf1 Rxf1+ (28... Rc8 29. Qf2 Nc4 (29... Bg6 30. Nd5
Bxe4 31. Nxb4 axb4 32. Bd4 Ng6 33. Re1 $40) 30. Bd4 Bg6 31. Qe2 Nd6 32. Bd3 Rd8
$14 (32... Bc5 33. Bxc5 Rxc5 34. Rf8+ Kxf8 35. Qf2+ Kg8 36. Qxc5)) 29. Bxf1 $16
) 26... Bh5 (26... Nc6 27. Be3) 27. Rxf8+ Rxf8 28. Ne2 Rc8 29. Qb1 Qe7 $44)
25... Nc4 26. Bxc4 $2 $138 {Absolutely unnecessary.} (26. Bd4 Rfd8 27. Qf2 {
would have provided white with a large advantage.} Qe6 (27... Bg6 28. Rad1 Nd6
(28... Bh5 29. Nd5 Rxd5 30. exd5 Bxd1 31. Rxd1 Nd6 32. Bd3) 29. Nd5 Qxe4 (29...
Qe6 30. Nf4) 30. Nf6+ $1 gxf6 31. Qxf6 $18) 28. Rad1 Bh5 $16) 26... Rxc4 27.
Rf3 Qe6 $1 $36 {Once again white takes over the control in the game.} 28. Bg1
Rfc8 {I was annoyed by the pin on the line f.} (28... Bxc3 29. bxc3 Rxe4 30.
Raf1 Re1 31. R1f2 Qd7 32. Kh2 Ra1 $11) 29. Raf1 Bh5 30. Rf4 h6 31. Qd3 Bxc3 32.
bxc3 Rxc3 33. Qb5 $6 {White misses his chance to got an immediate equality in
the game.} (33. Rf8+ Kh7 34. Qd5 Qxd5 35. exd5 Rxf8 36. Rxf8 Rd3 37. Rd8 Bd1
38. Bb6 Bb3 $11) 33... Bg6 34. Qxb7 {Whites queen should protect e4.} (34. Qxa5
$4 Bxe4 (34... Rxh3+ 35. Bh2 (35. gxh3 $2 Qxh3+ 36. Bh2 Bxe4+ 37. Rxe4 Qxf1+
38. Bg1 Qf3+ 39. Kh2 Rc2+ {looks like a dream.}) 35... Bxe4 36. Qb4 Re3 $17)
35. Bh2 Rc1 $19) 34... R8c4 35. Qd5 Qxd5 $4 {Brain dead.Playing 27 games a
month finally hit me on.} (35... Rxh3+ $1 {Simple tactics.} 36. Bh2 (36. gxh3
$2 Bxe4+ $19) 36... Qxd5 37. exd5 $1 (37. Rf8+ $2 Kh7 38. exd5 Rd3 39. d6 Rxa4
$17) 37... Rxf4 38. Rxf4 Rd3 39. Bg1 $1 (39. d6 Rd1+ 40. Bg1 Rxd6 41. Rd4 Ra6 (
41... Rc6 42. Rd5 Rc2 (42... Ra6 43. Be3 Be4 44. Re5 Bc6 45. Bd2 Bxa4 46. Rxa5
Rxa5 47. Bxa5 $11) 43. Re5 Bd3 44. Bb6 $11) 42. Bh2 Kf7 43. Bc7 Ke6 $17) 39...
Rxd5 40. Bb6 Bc2 (40... Kh7 41. Rd4 Rh5+ 42. Kg1 Bc2 43. Rc4 Bb3 44. Rc5 $11)
41. Rc4 Bb3 42. Rc5 Rxc5 43. Bxc5 Bxa4 44. Bb6 $11) 36. exd5 Be4 37. Kh2 Bxd5
38. Rxc4 Rxc4 39. Rf5 Bc6 40. Rc5 $11 {Now it is a draw.} Rxc5 41. Bxc5 Bxa4
42. Bb6 1/2-1/2

[Event "Continental op"]
[Site "Las Vegas"]
[Date "2001.07.29"]
[Round "6"]
[White "Ivanov, Igor Vasilievich"]
[Black "Atalik, Suat"]
[Result "1-0"]
[WhiteElo "2461"]
[BlackElo "2537"]
[Annotator "Atalik,S"]
[PlyCount "143"]
[EventDate "2001.07.26"]
[EventType "swiss"]
[EventRounds "6"]
[EventCountry "USA"]
[SourceTitle "EXT 2002"]
[Source "ChessBase"]
[SourceDate "2001.11.25"]
[SourceVersion "1"]
[SourceVersionDate "2001.11.25"]
[SourceQuality "1"]

{This game took start half an hour after my heart breaking lost to GM Goldin.
So my play was most likely effected by that.} 1. Nf3 d5 2. d4 Nf6 3. c4 c6 4.
Nc3 dxc4 5. a4 Bf5 6. e3 e6 7. Bxc4 Bb4 8. O-O O-O 9. Qb3 Qe7 $5 (9... Qb6 {
Of course for people who are reay to accept the positions resulting after} 10.
Nh4 Nbd7 11. Nxf5 exf5 {this line may even be a better option.}) 10. h3 $5 {
Not very ambitious.} (10. Nh4 Bg4 11. f3 Bh5 12. g4 Bg6 $13 {looks critical.})
(10. a5 c5 11. Ne5 cxd4 $1 12. exd4 Nc6 13. Nxc6 bxc6 14. Bg5 Rab8 {is an old
analysis by Sankt Peterburg master Kondratiev.}) 10... c5 (10... a5) 11. Na2
Nc6 (11... Ba5 12. dxc5 Rc8 13. Nd4 Bg6 14. Nxe6 fxe6 15. Bxe6+ Bf7 16. Bxf7+
Qxf7 17. Qxf7+ Kxf7 18. b4 Bd8 $1 19. Nc3 a5 20. Nb5 Be7 {is not bad for black.
}) 12. Nxb4 Na5 13. Nc6 $1 {Wise trick by Igor.} Nxc6 14. dxc5 Qxc5 {This move
leads to some equality.} ({More dynamic was.} 14... Na5 $142 {} 15. Qb5 Nxc4
16. Qxc4 Rfd8 17. Nd4 (17. Ra3 Ne4) 17... Bg6 18. c6 e5 $44) 15. Qb5 Qe7 (15...
Qxb5 $6 16. axb5 Nb4 17. Bd2) 16. b3 Ne4 $2 {A terrible miscalculation.} (16...
Rfd8 17. Bb2 (17. Ba3 Qc7) 17... a6 18. Bxf6 gxf6 $15) 17. Ba3 Qc7 $2 {Still
not awaken!} (17... Nd6 18. Qc5 Rfd8 19. Rad1 Nxc4 20. Qxe7 Nxe7 21. Rxd8+ Rxd8
22. Bxe7 Rd7 23. Bb4 Nb2 24. Rc1 Rd1+ 25. Rxd1 Nxd1 $11) 18. Bxf8 a6 19. Bd6 $1
$18 {The same type of trick in the earlier stage of the game.} Qxd6 (19... Nxd6
$142 20. Qc5 b6 21. Qa3 Nxc4 22. bxc4 Na5) 20. Qb6 (20. Qxb7 $4 {Of course
white has no reason to trap his own queen.} Rb8 21. Qxa6 Nc5 $17) 20... Qe7 (
20... Rd8 21. Rfd1 Qxd1+ 22. Rxd1 Rxd1+ 23. Kh2 Rd7 24. Bxa6 $18) 21. Rad1 Nc3
{From this point on black succeded to prolongue the game especially due to his
opponents mistakes.} 22. Rc1 Na2 23. Ra1 Nab4 24. Rfd1 Be4 25. Ne1 Rc8 26. f3
Bg6 27. Rd2 h5 28. Rad1 Rc7 29. e4 Ne5 30. Qd6 Qxd6 31. Rxd6 Nxc4 32. bxc4 Rxc4
33. Rb6 (33. R6d4 Rxd4 34. Rxd4 Nc6 35. Rd7 b5 36. Rd6 Ne5 37. axb5 axb5 38. h4
$18) 33... Nc6 34. Rxb7 Rxa4 35. Nd3 Rd4 36. Nb2 h4 37. Rc1 Ne5 38. Rc5 f6 39.
Rcc7 Nf7 40. Ra7 e5 41. Rxa6 Ng5 42. Nc4 Rd1+ 43. Kf2 Bf7 (43... Rc1 $2 44.
Nxe5 Rxc7 45. Nxg6 $18) 44. Ne3 Rd2+ 45. Ke1 Rb2 46. Raa7 g6 47. Rc2 Rxc2 48.
Nxc2 Ne6 49. Ne3 Nf4 50. Kf2 Nd3+ 51. Kg1 Nf4 52. Ng4 Kg7 53. Kh2 Nh5 54. Ne3
Kg8 (54... g5 55. Nf5+ Kg6 56. Ne7+ Kg7 57. Rc7 Be6 58. Kg1 Kh7 59. Kf2 $18 {
will eventually transpose to the text.}) 55. Nd5 Kg7 56. Kg1 g5 57. Kf2 Nf4 58.
Nxf4 gxf4 (58... exf4 {looks better but does not change much since the
diagonal for black's bishop is shorter than it seems.} 59. Rc7 Kg6 60. Ke2 Be8
61. Rb7 Bf7 62. Kd3 Be6 63. Kd4 $18) 59. Ke2 Kg6 60. Kd3 Bb3 61. Kc3 Be6 (61...
Bd1 62. Ra2 f5 63. Ra6+ $1 (63. exf5+ Kxf5 64. Kb4 e4 65. Ra5+ Ke6 66. fxe4 f3
67. gxf3 Bxf3 68. Kc3 Bxe4 69. Rh5 $18 {It is thougher to win this position.})
63... Kg5 64. Re6 fxe4 65. Rxe5+ Kf6 66. Rxe4 $18) 62. Kb4 Bg8 (62... f5 63.
Re7 Kf6 64. Rxe6+ Kxe6 65. Kc5 $18) 63. Rb7 Ba2 64. Kc5 Be6 65. Rc7 Bb3 66. Kd6
Ba4 67. Ke7 Bb5 {Black's fortress is about to fall.} (67... Kg7 68. Rc8 Bb5 69.
Rf8 Bf1 70. Rf7+ Kg6 71. Rxf6+ Kg7 72. Ke6 Bxg2 73. Kxe5 Bxf3 74. Rxf4 $18) 68.
Kf8 f5 69. Rg7+ Kf6 70. Rf7+ Kg6 71. exf5+ Kg5 72. Ke7 1-0

[Event "CZE-ch"]
[Site "Karlovy Vary"]
[Date "2005.02.07"]
[Round "7"]
[White "Babula, Vlastimil"]
[Black "Haba, Petr"]
[Result "1-0"]
[WhiteElo "2566"]
[BlackElo "2525"]
[Annotator "Babula,V"]
[PlyCount "103"]
[EventDate "2005.02.01"]
[EventType "tourn"]
[EventRounds "11"]
[EventCountry "CZE"]
[EventCategory "11"]
[SourceTitle "CBM 106"]
[Source "ChessBase"]
[SourceDate "2005.06.06"]
[SourceVersion "1"]
[SourceVersionDate "2005.06.06"]
[SourceQuality "1"]

1. d4 d5 2. c4 c6 3. Nf3 Nf6 4. Nc3 dxc4 5. a4 Bf5 6. Nh4 ({More common
options are} 6. Ne5) ({and} 6. e3) 6... e6 {Instead of this almost every
retreat of the Bf5 is playable.} 7. Nxf5 exf5 8. e3 Bb4 9. Bxc4 O-O 10. Qc2 $5
{A purpose of playing this move before the castle is to force Black to play
g7-g6 which weakens the position of Black's K.} ({After} 10. O-O Nbd7 11. Qc2 {
Black can avoid weakening by} Nb6 12. Bb3 Qd7 $5 {, what became popular after
the game Kramnik-Anand, Linares 2000.}) 10... g6 11. O-O Nbd7 12. f3 {White's
plan is to open the position by advance e3-e4 and try to exploit the weakening
of the Black's >>. Black tries to avoid this and presses on the White's [+].}
Rc8 13. Kh1 c5 14. Ba2 Nb6 ({The main continuation here is} 14... Qb6) 15. dxc5
$5 {A promising novelty. As I didn't see any useful move preparing the opening,
I decided to do it now.} Rxc5 16. e4 fxe4 $6 {A suprise for me, the further
opening is advantageous for White.} ({I expected} 16... Bxc3 17. bxc3 Qc7 $13 {
and now is interesting} 18. exf5 $5 Rxf5 19. Be3 {with the idea to put the B
on d4.}) 17. fxe4 {<->f And this was a suprise for my opponent.} ({After} 17.
Bh6 $5 {Black is almost forced to sacrifice the exchange, perhaps the best way
is} e3 $5 (17... Re8 $6 18. fxe4 {><f7 is very dangerous})) ({Also} 17. Be3 $5
{is interesting.}) 17... Ng4 18. h3 Qh4 (18... Ne5 $6 19. Bh6) 19. Bf4 $6 {
Inaccuracy.} (19. Qe2 $142 $14 Rh5 $4 20. Rf4 $18) 19... Rh5 $6 ({Just after
my move I saw} 19... g5 $142 $1 {and White's B is forced to go back} 20. Bc1
Rc6 $13) 20. Rf3 $14 {<->f, ^^ The position has stabilised, White has a small
advantage and good prospects for the -> on the >>.} Kg7 $2 ({A better place
for Black's K was the square h8,} 20... Kh8 $142 $5 $14 21. Raf1 Qe7 {White's
position looks very promising, but it's not easy to get something concrete,
Black controls the dark squares well, especially the square e5.}) 21. Raf1 $16
Qe7 22. Bh2 $1 {A small trick exploiting the bad position of Black's K on the
7th rank.} Ne5 $6 {It loses almost forced.} ({It was necessary to choose
either the active defence} 22... Nxh2 23. Rxf7+ Kh6 (23... Rxf7 $6 24. Rxf7+
Qxf7 25. Bxf7 $18) 24. Kxh2 Qe5+ 25. g3 Rg5 $16) ({or the passive one} 22...
Nh6 $16) 23. Bxe5+ Qxe5 24. Rxf7+ Rxf7 25. Rxf7+ Kh8 ({After} 25... Kh6 $6 26.
Qd2+ Qg5 27. Qd4 $18 {game is over.}) {The situation for Black looks critical,
but White still has to play accurate to avoid some Black's <=> against his K
on the dark squares.} 26. Nd5 $1 (26. Nb5 {didn't seem to me so clear because
of} Qg3 $5) ({and the direct attack didn't work too, e.g.} 26. Qb3 $6 Bd6 27.
Rf8+ $2 Kg7) (26. Qf2 $6 Bd6 27. Rf8+ $6 Kg7 28. Rg8+ $6 Kh6 29. Qe3+ Rg5)
26... Bd6 27. Nf4 $1 (27. Qc3 $143 $6) 27... Rf5 $5 {This nice trick I
overlooked but I was lucky, it's not enough for escape.} 28. Rxf5 gxf5 29. Qb3
$18 {Black's K is in the greater danger than White's one.} Qe8 ({Immediately
loses} 29... Kg7 30. Qf7+ Kh6 31. Qh5+ Kg7 32. Qg5+ Kf8 33. Qg8+ Ke7 34. Qf7+
Kd8 35. Ne6+ Kc8 36. Qe8#) ({and also} 29... Qg7 30. Nh5 $18) 30. Ne6 ({
Easier was} 30. Nd3 $5 $18 {with the idea to mate Black's K on the long /
^a1-h8, e.g.} Nd7 (30... Nxa4 31. Qd5) 31. Qc3+ Ne5 32. exf5) 30... Be5 ({After
} 30... Qc8 $5 {is the best way to a win the direct attack against Black's K,
e.g.} 31. Qe3 Be5 32. Ng5 $1 f4 33. Nf7+ Kg7 34. Qe1 Bxb2 35. Qh4 Qc6 36. Ng5
Qg6 37. Ne6+ $18) 31. a5 (31. Ng5 $5 $18) 31... Qc8 $5 (31... Nd7 32. Qxb7 {
is hopeless.}) 32. Qd1 ({Not so clear is} 32. Nc5 $6 Nd7 $8 33. Qe6 b6 34. Qxd7
Qxc5 $16 {xKh1, ^- Weak White's K and the weak dark squares together with the
^- make a win for White not easy.}) 32... Na4 $5 (32... Nd7 33. Ng5) 33. exf5 (
{With just little time I overlooked the strongest} 33. Nd8 $1 $18 {, e.g.} Kg7
(33... Nxb2 34. Qd2) (33... Bxb2 34. Qd6) 34. Qd2) 33... Nxb2 34. Qd8+ $2 {
It spoils the winning position.} ({Still enough was} 34. Qd2 $18 {,e.g.} Nd3
35. f6 $1 Bxf6 36. Qxd3 Qc1+ 37. Kh2 Be5+ 38. g3 Qb2+ 39. Kg1) 34... Qxd8 35.
Nxd8 Kg7 36. Nxb7 $14 {_|_, ^- Now White has only a small advantage, there are
^- and White's P majority on >> is well blockaded. Chances for a win are only
slight, but in the guillotine everything is possible...} Nd1 $6 ({Better was
immediately} 36... Bc7 $142 $5 {to bind White's N to the defence of the Pa5.})
37. Nd8 $1 {Now White's N is coming to a better place and Black starts to have
some problems.} Kf6 (37... Bd6 $5 38. Nc6 Bc5 $14) 38. g4 Ne3 $2 {And this is
a serious mistake, the N has here nothing to do.} ({Better was simple} 38...
Bc7 $142 39. Nc6 Nf2+ 40. Kg2 Nd3 $14 {and it's difficult to make some
progress for White, as he should prevent the exchange of the N.}) 39. Nc6 Bc7
40. Kg1 h5 41. Kf2 hxg4 $6 {Black estimated the arising _|_ wrong,} ({
necessary was} 41... Nd1+ $142 42. Kf3 hxg4+ 43. hxg4 $16 {But I think that
this _|_ should be won for White with the accurate play, Black's N is
misplaced.}) 42. Kxe3 gxh3 43. Kf3 {Black can't save his Ph.} h2 (43... Kxf5
44. a6 Bb6 45. Kg3) 44. Kg2 Kxf5 45. a6 Bb6 46. Kxh2 $18 {This _|_ is won for
White for sure. White keeps Black's K out of the corner a8 (for that his Nc6
is excellent situated) and goes with his K towards the Pa7. Black can't avoid
this, White often overcomes his defence by the zugzwang. In this situation I
would like to remark the one known fact.The _|_ K,B(or N),P : K,P with the
such pawn structure White's Pa6 against Black's Pa7 and Black's K in the
corner a8 is theoretically drawn; White can't win neither with the N, nor with
the any coloured B.} Kf6 (46... Kf4 47. Kh3 Bf2 48. Bd5 $22 {and Black must
free the way to White's K.}) 47. Kg3 Kg7 48. Kf4 Kf8 49. Ke5 Bc5 50. Kd5 Bb6
51. Kd6 Ke8 52. Bb3 $22 1-0

[Event "Novosibirsk"]
[Site "Novosibirsk"]
[Date "1993.??.??"]
[Round "8"]
[White "Beliavsky, Alexander G"]
[Black "Akopian, Vladimir Eduardovic"]
[Result "1-0"]
[WhiteElo "2610"]
[BlackElo "2615"]
[Annotator "Belov,I"]
[PlyCount "83"]
[EventDate "1993.06.??"]
[EventType "tourn"]
[EventRounds "11"]
[EventCountry "RUS"]
[EventCategory "14"]
[SourceTitle "CBM 036"]
[Source "ChessBase"]
[SourceDate "1993.10.01"]
[SourceVersion "1"]
[SourceVersionDate "1993.10.01"]
[SourceQuality "1"]

1. d4 d5 2. c4 c6 3. Nf3 Nf6 4. Nc3 dxc4 5. a4 Bf5 6. e3 e6 7. Bxc4 Bb4 8. O-O
Nbd7 9. Qe2 Bg6 10. e4 Bxc3 11. bxc3 Nxe4 12. Ba3 Qc7 13. Rfe1 $5 $146 (13. Nd2
Nxd2 14. Qxd2 c5 $1 15. dxc5 (15. f4 $5 O-O 16. g4 $13 {Speelman/}) 15... O-O-O
16. Qe3 Ne5 17. Be2 Bd3 $10 {Magerramov,E-Ionov,S Chelianinsk 1991/}) (13. Rfc1
O-O-O 14. a5 Kb8 $146 (14... Rhe8 15. Nh4 Nd6 16. Bb3 e5 {Magerramov,
E-Tukmakov,V Helsinki 1992 Inf 55/383/} 17. Nxg6 hxg6 18. Bxd6 Qxd6 19. Bxf7
Re7 20. Qa2 $14) 15. Be7 Rde8 16. Bh4 f5 (16... Ka8 17. Bd3 $1 $16 {Ioseliani,
N-Polgar,Zs Monako 1993/}) 17. Qa2 e5 18. a6 b6 19. Be6 $13 {Razuvaev,
Y-Tukmakov,V Rostov 1993/}) 13... O-O-O (13... Nxc3 14. Qb2 Ne4 (14... Nxa4 $2
15. Qb4 $18) 15. Rac1 {/\16.d5~/=/}) 14. Qb2 Rhe8 15. a5 e5 16. Rab1 $1 $44 c5
(16... Nef6 17. Bd6 $18) 17. Bf1 (17. dxe5 $6 Nxe5 18. Nxe5 Rxe5 19. f3 $2 Rd2
20. Qb3 Rxg2+ $1 21. Kf1 Nd2+ $19) 17... f6 18. Ra1 Nd6 19. Nd2 $1 Kb8 20. Rec1
Ka8 21. Nb3 c4 (21... cxd4 22. cxd4 Qb8 23. a6 b6 24. Rc6 Nf8 25. Rac1 $16) 22.
Bxd6 Qxd6 23. Bxc4 $16 a6 24. Bf1 Rc8 (24... Be4 25. Nd2 Bc6 26. Nc4 $16) 25.
Nd2 $1 Rc6 26. g3 Bf7 27. Rcb1 Rb8 28. Ra4 $1 exd4 (28... Bg6 29. Re1) 29. Rxd4
Qc7 30. Qb4 Ne5 (30... Rxc3 $2 31. Rxd7 Qxd7 32. Qxc3 $18) (30... Nc5 31. Bg2
Rd6 32. Nc4 Rxd4 33. Nb6+ Ka7 34. cxd4 $16) 31. f4 Ng4 32. Re1 Rc5 (32... Re6
33. Rxe6 Bxe6 34. Rd6 Bc8 35. Nc4 $18) (32... Re8 33. Rxe8+ Bxe8 34. Qf8 Qb8
35. Nc4 $18) 33. Bg2 Nh6 (33... Qxa5 34. Rd7 Qxb4 35. cxb4 Rc2 36. Ree7 Rc1+
37. Nf1 $18) 34. Qb6 $1 Qxb6 35. axb6 Rb5 (35... Rxc3 36. Ra1 Re8 37. Rxa6+ Kb8
38. Ra7 $18) 36. Rd6 Ng8 (36... Nf5 37. Rd7 Bg6 38. Nc4) 37. Ra1 Rf8 38. c4 Rb2
39. c5 Ne7 40. Rxa6+ Kb8 41. Ra7 Nc6 42. Rd7 (42. Rd7 Nxa7 43. Rxb7+ Kc8 44.
bxa7 $18) 1-0